000 01031cam a2200241 4500
001 WB3912-12
008 030326n2003 000 0 eng u
035 _a(Sirsi) u121745
245 _aGermany overtakes US as top cross-border investor in Europe
260 _c2003
490 _aDTZ Press Release
_v 21 March 2003 (2)
520 _aGermany overtook the United States as the biggest single investor in European commercial property during 2002, claims DTZ research. According to DTZ's "European cross-border investment in real estate" report, the European investment markets were strong during 2002 with total cross-border investment reaching 31.5bn. German funds accounted for almost 9.3bn, while US investment fell to 8.6bn. http://www.dtz.com/
590 _aWB
650 _aCROSS-BORDER INVESTMENT
650 _aEUROPEAN PROPERTY
650 _aEUROPE
650 _aGERMANY
650 _aUNITED STATES
650 _aDTZ RESEARCH
650 _aPROPERTY-COMMERCIAL PROPERTY
690 _aINVESTMENT
942 _n0
999 _c72356
_d72356